| 000 | 00495nam a22001697a 4500 | ||
|---|---|---|---|
| 003 | OSt | ||
| 005 | 20260124025455.0 | ||
| 008 | 251217b |||||||| |||| 00| 0 eng d | ||
| 020 | _a971-23-2591-1 | ||
| 040 |
_aDWCL Main Lib. _cOC |
||
| 082 |
_21998 ed. _aFIl. 346.0482 Am12c 1998 |
||
| 100 | _aAmador, Vicente B. | ||
| 245 |
_aCopyright under the intellectual property code/ _cVicente B. Amador |
||
| 260 | _aRex book store. | ||
| 300 |
_axxiv 759 p. ; _c23 cm. |
||
| 942 |
_2ddc _cBK - FIL _kFil. _n0 |
||
| 999 |
_c7183 _d7183 |
||